| 000 | 00472nam a2200157Ia 4500 | ||
|---|---|---|---|
| 008 | 210210b2004 xxu||||| |||| 00| 0 eng d | ||
| 020 | _a81 203 2503 6 | ||
| 082 | _a621.381 RASP | ||
| 100 | _aRASHID (Muhammad H). | ||
| 245 | _aPower electronics circuits, devices and applications. | ||
| 260 |
_aND _bPrentice-Hall of India Private Limited _c2004 |
||
| 300 | _axxiii,880 | ||
| 650 | _aElectric circuits devices applications | ||
| 690 | _aElectronics | ||
| 906 | _a060019 | ||
| 999 |
_c106674 _d106674 |
||